|
|
|
|
| LEADER |
00962nam a2200349 4500 |
| 001 |
DLU090084667 |
| 005 |
##20091116 |
| 008 |
##890629s1989 si a 001 0 eng |
| 010 |
# |
# |
|a 89016560
|
| 020 |
# |
# |
|a 9971509547
|
| 020 |
# |
# |
|a 9971509555 (pbk.)
|
| 035 |
# |
# |
|9 (DLC) 89016560
|
| 040 |
# |
# |
|a DLC
|c DLC
|d DLC
|
| 082 |
# |
# |
|a 512.2
|b IS-C
|
| 100 |
# |
# |
|a Isham, C. J.
|
| 245 |
# |
# |
|a Lectures on groups and vector spaces for physicists /
|c Chris J. Isham.
|
| 260 |
# |
# |
|a Singapore ;
|a Teaneck, N.J. :
|b World Scientific,
|c c1989.
|
| 300 |
# |
# |
|a vii, 219 p. :
|b ill. ;
|c 23 cm.
|
| 440 |
# |
# |
|a World Scientific lecture notes in physics ;
|v v. 31
|
| 500 |
# |
# |
|a Includes index.
|
| 650 |
# |
# |
|a Group theory.
|
| 650 |
# |
# |
|a Vector spaces.
|
| 923 |
# |
# |
|a 12/2009
|
| 992 |
# |
# |
|a 6800
|
| 994 |
# |
# |
|a DLU
|
| 900 |
# |
# |
|a True
|
| 911 |
# |
# |
|a Đào Thị Thu Huyền
|
| 925 |
# |
# |
|a G
|
| 926 |
# |
# |
|a A
|
| 927 |
# |
# |
|a SH
|
| 980 |
# |
# |
|a Thư viện Trường Đại học Đà Lạt
|